| 000 | 00707nam a2200229Ia 4500 | ||
|---|---|---|---|
| 003 | GCL | ||
| 008 | 140319s9999 xx 000 0 ara d | ||
| 040 |
_aGCL / _cGCL |
||
| 082 | 0 | 4 |
_a331.1 _bز ا |
| 100 | 1 | _aزياد الحافظ | |
| 245 | 1 | 0 |
_aاستيعاب العمل فى القطاع الصناعى / _cزياد الحافظ |
| 260 |
_a[S.N] : _bمعهد الانتماء العربى ، _c1981 |
||
| 300 | _a118 ص | ||
| 490 | _a | ||
| 650 | 0 | 4 | _aالعالم العربى |
| 650 | 0 | 4 | _aالعمل والعمال |
| 650 | 0 | 4 | _aالعلم والعلماء |
| 650 | 0 | 4 | _aالصناعة |
| 650 | 0 | 4 | _aالصناعات التحويلية |
| 650 | 0 | 4 | _aالاحصائيات |
| 942 |
_2ddc _cBK |
||
| 999 |
_c35759 _d35759 |
||